| 000 | 00616nam a2200169Ia 4500 | ||
|---|---|---|---|
| 008 | 180921t2009 xxu||||| |||| 00| 0 sin d | ||
| 041 | _asin | ||
| 080 |
_a659.27 _bRAJ |
||
| 100 | _aRajarathna,Milton | ||
| 245 | _aජපන් ව්යාපාර චින්තන : පැනසොනික් සමාගම සහ මත්සුෂිතා දර්ශනය | ||
| 246 | _aJapan Viyapara Chinthana : Panasonic Samagama ha Matsushita Dharshanaya | ||
| 260 |
_bAuthor Publishing _aPeradeniya _c2009 |
||
| 300 | _a112, 21 cm | ||
| 942 | _cBK | ||
| 999 |
_c17318 _d17318 |
||
| 003 | LK-CoDNM | ||
| 040 |
_aLK-CoDNM _dLK-CoDNM _eLK-CoDNM |
||